000 02020nam0a2200337 i 4500
001 RU\NLR\bibl\2053145
005 20260408030047.0
010 _a9785751120440
_9500
035 _a(nilc)RuMoRGB-006522165
035 _a(NLR Aleph) 002040131
090 _a4592026
_c4592026
100 _a20130207d2012 u y0rusy50 ca
101 0 _arus
102 _aRU
105 _ay zzzz|||||
200 1 _aТомские музеи
_iМузеи университетов
_eматериалы к энциклопедии "Музеи и музейное дело Томской области"
_fФедер. гос. бюджет. образоват. учреждение высш. проф. образования "Нац. исслед. Томский гос. ун-т", Науч.-образоват. центр "Музей и культурное наследие"
_gпод ред. С.Ф. Фоминых, Э.И. Черняка
210 _aТомск
_cИзд-во Томского университета
_d2012
215 _a386 с., [8] л. ил., цв. ил.
_cтабл.
_d21
320 _aБиблиогр. в конце ст. и в подстроч. примеч.
488 0 _12001#$aМузеи и музейное дело Томской области$eэнциклопедия
_tМузеи и музейное дело Томской области
606 1 _aВысшие учебные заведения
_jСборники
_xМузеи
_yТомск, город
_92153913
_3RU\NLR\auth\661601608
686 _aЧ774(2Р-4Том-2Т)771я43
702 1 _aФоминых
_bС. Ф.
_gСергей Федорович
_4340
712 0 2 _4570
_a"Музей и культурное наследие", научно-образовательный центр
_cТомск
_9868411
_3RU\NLR\AUTH\8810187513
801 0 _aRU
_bРГБ
_c20130207
_gRCR
801 1 _aRU
_bРГБ
_c20130207
_2rusmarc
801 2 _aRU
_bNLR
_c20130712
_grcr
830 _aред. раскрыт по ЭК
942 _cBOOK
980 _aNBR